The Gospel According to Jhon (Record no. 20273)

MARC details
000 -LEADER
fixed length control field 00285nam a22001217a 4500
082 ## - DEWEY DECIMAL CLASSIFICATION NUMBER
Classification number 226.5 BRO
100 ## - MAIN ENTRY--AUTHOR NAME
Author name Brown, Raymon E.
245 ## - TITLE STATEMENT
Title The Gospel According to Jhon
260 ## - PUBLICATION, DISTRIBUTION, ETC. (IMPRINT)
Place of publication London
Name of publisher Geoffrey Chapman
Year of publication 1971
300 ## - PHYSICAL DESCRIPTION
Number of Pages 538
650 ## - SUBJECT ADDED ENTRY--TOPICAL TERM
Topical Term Bible N T
-- Gospel John
942 ## - ADDED ENTRY ELEMENTS (KOHA)
Koha item type Books
Holdings
Home library Current library Date acquired Source of acquisition Full call number Accession Number Koha item type
Henry Martyn Institute Library Henry Martyn Institute Library 02/17/2017 Dr Andreas D'Souza 226.5 BRO 11002591 E-Books
                   Copyright © 2026 | Henry Martyn Institute | Hyderabad | TS-500052 | INDIA | Implemented by hmi.edu.in
Hit-Count:

Powered by Koha